000 00740nam a22002177a 4500
003 UA-OsUOA
001 97630
007 ta
008 20130403b un ||||| |||| 00| 0 ukr d
100 _aСімахова А.О.
090 _a330(477)
_bС41
942 _cSA
040 _aUA-OsUOA
_bukr
_cUA-OsUOA
_dUA-OsUOA
245 _aПерспективи посилення впливу іноваційно-інвестиційної сфери на соціально-економічну динаміку України
300 _aС.21-23
955 _a0
041 _aukr
080 _a330(477)
773 0 _w97623
_tЕкономіка. Фінанси. Право.
_dК.
_d2013
_g3
650 7 _a330 Економіка взагалі
_2UDC
999 _c383877
_d383877